Praktický kurs francouzské výslovnosti /

Hlavní autor: Janešová, Jarmila, 1924-
Další autoři: Jodas, Marek, 1962-
Jazyk: Francouzština
Čeština
Vydáno: Praha : Leda, 1995
Vydání: Vyd. 1.
Témata:
Externí odkaz: Digitalizovaný dokument
Fyzický popis: 229 s. : noty ; 21 cm
Knihy
Uloženo v:
LEADER 01458nam a2200373 a 4500
001 000030943
003 CZ BrMZK
005 20180219111422.0
007 ta
008 950313s1995 xr f cze d
015 |a cnb000109356 
020 |a 80-85927-05-5  |q (brož.) 
035 |a (OCoLC)36601593 
040 |a ABA001  |b cze  |d BOA001 
041 0 |a cze  |a fre 
072 7 |a 811.133.1  |x Francouzština  |2 Konspekt  |9 11 
080 |a 804.0-4  |2 undef 
100 1 |a Janešová, Jarmila,  |d 1924-  |7 jn20001103586  |4 aut 
245 1 0 |a Praktický kurs francouzské výslovnosti /  |c Jarmila Janešová 
250 |a Vyd. 1. 
260 |a Praha :  |b Leda,  |c 1995 
300 |a 229 s. :  |b noty ;  |c 21 cm 
500 |a Obálka Marek Jodas 
650 0 7 |a francouzština  |7 ph135297  |2 czenas 
650 0 7 |a výslovnost  |7 ph120514  |2 czenas 
655 7 |a učebnice  |7 fd133770  |2 czenas 
700 1 |a Jodas, Marek,  |d 1962-  |7 jx20040623007  |4 bjd 
856 4 1 |u http://www.digitalniknihovna.cz/mzk/uuid/uuid:1dfdc730-1f5c-11e3-9319-005056827e51  |y Digitalizovaný dokument  |x NDK 
910 |a BOA001  |b 2-1011.286  |b PK-0123.440 
920 |a 000032574 
990 |a BK 
996 7 |b 2610024151  |c 2-1011.286  |l MZK  |r Sklad / do 1 hodiny  |n 32  |p kup  |w 000030943  |u 000010  |a 1  |e BOA001  |j MZK50  |s A 
996 6 |b 2610027490  |c 2-1011.286  |l MZK  |r Sklad / do 1 hodiny  |n 3  |p p.v.  |w 000030943  |u 000020  |a 1  |e BOA001  |j MZK50  |s P 
996 7 |b 3119000903  |c PK-0123.440  |l MZK  |r Sklad / do 1 hodiny  |n 22  |p kup  |w 000030943  |u 000030  |a 1  |e BOA001  |j MZK50  |s A